Álbum descriptivo del Ejército y de la Armada de España / (Record no. 21558)

MARC details
000 -LEADER
campo de control de longitud fija 00871nam a2200229 i 4500
001 - NÚMERO DE CONTROL
campo de control 21558
003 - IDENTIFICADOR DE NÚMERO DE CONTROL
campo de control ES-MaACL
005 - FECHA Y HORA DE LA ÚLTIMA TRANSACCIÓN
campo de control 20230906152513.0
007 - CAMPO FIJO DE DESCRIPCIÓN FÍSICA--INFORMACIÓN GENERAL
campo de control de longitud fija t|
008 - DATOS DE LONGITUD FIJA--INFORMACIÓN GENERAL
campo de control de longitud fija 021126s1884 sp f |||| | spa d
245 00 - MENCIÓN DEL TÍTULO
Título Álbum descriptivo del Ejército y de la Armada de España /
Mención de responsabilidad, etc. publicado por tres oficiales del Ejército.
250 ## - MENCION DE EDICION
Mención de edición Ed. de gran lujo.
260 ## - PUBLICACIÓN, DISTRIBUCIÓN, ETC.
Lugar de publicación, distribución, etc. Madrid :
Nombre del editor, distribuidor, etc. Fortanet,
Fecha de publicación, distribución, etc. 1884.
300 ## - DESCRIPCIÓN FÍSICA
Extensión 118 p., [6] p., [32] h. de lám. col. ;
Dimensiones 55 cm.
530 ## - NOTA DISPONIBLE DE FORMULARIO FÍSICO ADICIONAL
Nota de formato físico adicional disponible Disponible en formato digital.
599 ## - NOTA A LAS ILUSTRACIONES
NOTA A LAS ILUSTRACIONES Lit. de J. M. Mateu.
650 04 - PUNTO DE ACCESO ADICIONAL DE MATERIA--TÉRMINO DE MATERIA
Término de materia o nombre geográfico como elemento de entrada Ejército-
Subdivisión geográfica España-
Subdivisión cronológica S.XIX.
9 (RLIN) 166099
700 1# - ENTRADA AGREGADA--NOMBRE PERSONAL
Nombre de persona Mateu, José María (
Fechas asociadas al nombre s. XIX)
9 (RLIN) 148712
710 2# - ENTRADA AGREGADA--NOMBRE DE ENTIDAD CORPORATIVA
Nombre de entidad corporativa o nombre de jurisdicción como elemento de entrada Litografía de J. M. Mateu (Madrid)
9 (RLIN) 148713
852 ## - LOCALIZACIÓN
Ubicación ES-MaACL
Número de control de estantería B-6742
856 ## - LOCALIZACIÓN Y ACCESO ELECTRÓNICOS
Identificador Uniforme de Recursos <a href="http://bibliotecavirtualdefensa.es/BVMDefensa/i18n/consulta/registro.cmd?id=4664">http://bibliotecavirtualdefensa.es/BVMDefensa/i18n/consulta/registro.cmd?id=4664</a>
Nota pública Biblioteca Virtual de Defensa
Holdings
Estatus retirado Estado de pérdida Estado de daño No para préstamo Colección Biblioteca de origen Biblioteca actual Ubicación en estantería Fecha de adquisición Fuente de adquisición Total de préstamos Signatura topográfica completa Código de barras Visto por última vez Precio de reemplazo Tipo de ítem Koha
        Colección digital Biblioteca del Ateneo de Madrid Biblioteca del Ateneo de Madrid Sala Pardo Bazán 17/01/2008     B-6742 1022156 23/02/2023 23/02/2023 Libro impreso antiguo